[Event "2. Bundesliga West 2010/11"]
[Site "Absam"]
[Date "2010.11.28"]
[Round "6"]
[Board "6"]
[White "Stoeckl, Norbert"]
[Black "Natter, Siegfried"]
[Result "1/2-1/2"]
[WhiteElo "2053"]
[BlackElo "2245"]
[PlyCount "83"]
[EventDate "2010.10.15"]
[EventType "team"]
[EventRounds "11"]
[EventCountry "AUT"]
[WhiteTeam "Schwarzach"]
[BlackTeam "SC Absam"]

1.e4 c5 2.Nf3 e6 3.d4 cxd4 4.Nxd4 a6 5.Bd3 g6 6.c4 Bg7 7.Nc2 Nc6 8.O-O d6 9.Qe1
Qc7 10.Ne3 Nge7 11.Nc3 O-O 12.f4 f5 13.exf5 gxf5 14.Bd2 Bd7 15.Rc1 Qd8 16.Na4 b6
17.Bc3 Nd4 18.b3 Nec6 19.Nc2 e5 20.Qf2 Rb8 21.Nb2 Ne6 22.fxe5 Nc5 23.Ne3 Nxd3
24.Nxd3 dxe5 25.Nd5 Be6 26.N5b4 Nxb4 27.Nxb4 Qc8 28.Rfd1 a5 29.Nd5 Qb7 30.Rd3
Rf7 31.Rcd1 e4 32.Rg3 Bxd5 33.Rxd5 Rbf8 34.Qf4 Qa7 35.h4 b5+ 36.Bd4 Qe7 37.h5 h6
38.Rxb5 Rd8 39.Rd5 Rxd5 40.cxd5 Qb4 41.Qe5 Kf8 42.Rxg7 1/2-1/2

[Event "2. Bundesliga West 2010/11"]
[Site "Absam"]
[Date "2010.11.28"]
[Round "6"]
[Board "1"]
[White "Bayer, Bernhard"]
[Black "Hommeles, Theo"]
[Result "1/2-1/2"]
[WhiteElo "2393"]
[BlackElo "2426"]
[PlyCount "106"]
[EventDate "2010.10.15"]
[EventType "team"]
[EventRounds "11"]
[EventCountry "AUT"]
[WhiteTeam "Schwaz"]
[BlackTeam "Bregenz"]

1.c4 e5 2.Nc3 Nf6 3.g3 d5 4.cxd5 Nxd5 5.Bg2 Nb6 6.Nf3 Nc6 7.O-O Be7 8.d3 O-O
9.Be3 Be6 10.Qc1 f6 11.Ne4 Bd5 12.Nc5 Nd4 13.Bxd4 exd4 14.Nxd4 Bxg2 15.Nde6 Qe8
16.Kxg2 Bxc5 17.Nxc5 Qxe2 18.Re1 Qh5 19.Kg1 Rfe8 20.Qc3 Qd5 21.Qb3 Rxe1+ 22.Rxe1
Qxb3 23.axb3 Rd8 24.Re7 Nd5 25.Rxg7+ Kxg7 26.Ne6+ Kg6 27.Nxd8 Nb4 28.Nxb7 Nxd3
29.Kf1 Kf5 30.f3 Ke5 31.Na5 Kd5 32.Ke2 Ne5 33.f4 Nd7 34.Ke3 Nc5 35.g4 a6 36.h4
Nd7 37.Nc4 Nc5 38.Nd2 a5 39.g5 fxg5 40.fxg5 Ke5 41.Kf3 Kf5 42.Kg3 a4 43.bxa4
Nxa4 44.Nc4 Nc5 45.Ne3+ Ke4 46.Ng4 Kf5 47.Kf3 Nd3 48.Ne3+ Kg6 49.b3 c5 50.Nc4
Kh5 51.Kg3 Nc1 52.Nd2 Ne2+ 53.Kh3 Nf4+ 1/2-1/2

[Event "2. Bundesliga West 2010/11"]
[Site "Absam"]
[Date "2010.11.28"]
[Round "6"]
[Board "2"]
[White "Weindl, Alfred"]
[Black "Fuchs, Georg"]
[Result "1-0"]
[WhiteElo "2374"]
[BlackElo "2292"]
[PlyCount "73"]
[EventDate "2010.10.15"]
[EventType "team"]
[EventRounds "11"]
[EventCountry "AUT"]
[WhiteTeam "Bregenz"]
[BlackTeam "Schwaz"]

1.Nf3 d5 2.g3 Nd7 3.d4 Ngf6 4.Bg2 e6 5.O-O Be7 6.c4 O-O 7.Qc2 c5 8.Rd1 Qb6 9.e3
Ne4 10.Nc3 Nxc3 11.bxc3 cxd4 12.Nd2 Qa6 13.a4 Rb8 14.Ba3 Re8 15.Bf1 dxc4 16.Nxc4
Qc6 17.Bxe7 Rxe7 18.cxd4 Nb6 19.Rdc1 Rc7 20.Bg2 Nd5 21.Qb2 Qa6 22.Ne5 Qd6
23.Rxc7 Nxc7 24.Rc1 f6 25.Nc6 Ra8 26.Na5 Rb8 27.e4 Na6 28.e5 Qd8 29.Nc4 Bd7
30.Nd6 Bxa4 31.Qa2 Bd7 32.Nxb7 Qb6 33.Rb1 Nb4 34.Qa3 Nc2 35.Rxb6 Nxa3 36.Rd6 Ba4
37.Ra6 1-0

[Event "2. Bundesliga West 2010/11"]
[Site "Absam"]
[Date "2010.11.28"]
[Round "6"]
[Board "3"]
[White "Riedl, Johannes"]
[Black "Dobosz, Henryk"]
[Result "0-1"]
[WhiteElo "2138"]
[BlackElo "2407"]
[PlyCount "97"]
[EventDate "2010.10.15"]
[EventType "team"]
[EventRounds "11"]
[EventCountry "AUT"]
[WhiteTeam "Schwaz"]
[BlackTeam "Bregenz"]

1.d4 g6 2.Nf3 Bg7 3.g3 d6 4.Bg2 f5 5.O-O Nf6 6.c4 O-O 7.Nc3 Qe8 8.d5 Na6 9.Rb1
Bd7 10.b3 c5 11.Nd2 g5 12.e3 Qg6 13.Ne2 Nb4 14.f4 Nxa2 15.fxg5 Nxc1 16.Nf4 Qxg5
17.Qxc1 a5 18.e4 Ng4 19.exf5 Bxf5 20.Ne4 Qh6 21.h4 Bd4+ 22.Kh1 Bxe4 23.Bxe4 Nf2+
24.Rxf2 Bxf2 25.Ne6 Qxc1+ 26.Rxc1 Rf6 27.Ra1 b6 28.Kg2 Be3 29.Ra2 Rb8 30.Bd3 Bd4
31.g4 Kh8 32.g5 Rg8 33.Re2 Be5 34.Rf2 h6 35.Rxf6 Bxf6 36.g6 Ra8 37.Bc2 Bxh4
38.Kh3 Bf2 39.Kg4 Bd4 40.Kh5 Bg7 41.Bd1 b5 42.cxb5 c4 43.Nc7 Rc8 44.b6 Rb8
45.bxc4 Rxb6 46.Nb5 Rb8 47.Na7 Rb1 48.Bc2 Rg1 49.Nc6 0-1

[Event "2. Bundesliga West 2010/11"]
[Site "Absam"]
[Date "2010.11.28"]
[Round "6"]
[Board "4"]
[White "Poettinger, Harald"]
[Black "Kondrak, Christof"]
[Result "0-1"]
[WhiteElo "2202"]
[BlackElo "2147"]
[PlyCount "74"]
[EventDate "2010.10.15"]
[EventType "team"]
[EventRounds "11"]
[EventCountry "AUT"]
[WhiteTeam "Bregenz"]
[BlackTeam "Schwaz"]

1.c4 c6 2.Nf3 d5 3.g3 e6 4.Bg2 Nf6 5.b3 Be7 6.Bb2 Nbd7 7.O-O b6 8.d3 Bb7 9.Qc2
c5 10.cxd5 Bxd5 11.Nc3 Bb7 12.d4 O-O 13.Rfd1 Rc8 14.e4 cxd4 15.Nxd4 Qc7 16.Qe2
Rfd8 17.e5 Ne8 18.Ndb5 Qb8 19.Bxb7 Qxb7 20.Ne4 Qa6 21.Kf1 Nc5 22.Ned6 Bxd6
23.Nxd6 Qxe2+ 24.Kxe2 Nxd6 25.Rxd6 Rxd6 26.exd6 Nd7 27.Rc1 Rxc1 28.Bxc1 Kf8
29.Kd3 Ke8 30.Kc4 Nb8 31.Kb5 Kd7 32.Ba3 Kc8 33.Bb2 f6 34.a4 Kb7 35.Ba3 Nd7 36.b4
Ne5 37.a5 a6+ 0-1

[Event "2. Bundesliga West 2010/11"]
[Site "Absam"]
[Date "2010.11.28"]
[Round "6"]
[Board "5"]
[White "Streiter, Gerhard"]
[Black "Bezler, Rainer"]
[Result "0-1"]
[WhiteElo "2004"]
[BlackElo "2269"]
[PlyCount "86"]
[EventDate "2010.10.15"]
[EventType "team"]
[EventRounds "11"]
[EventCountry "AUT"]
[WhiteTeam "Schwaz"]
[BlackTeam "Bregenz"]

1.e4 e5 2.Bc4 Nc6 3.Nf3 Bc5 4.c3 Qe7 5.O-O d6 6.d3 Nf6 7.h3 Bb6 8.Re1 h6 9.Nbd2
O-O 10.Bb3 Be6 11.Nf1 Rad8 12.Ng3 Bxb3 13.Qxb3 Rfe8 14.Be3 d5 15.Bxb6 axb6
16.Rad1 Qd7 17.Qc2 Qe6 18.a3 g6 19.Re2 Kg7 20.Ree1 Rd6 21.Rd2 dxe4 22.Nxe4 Nxe4
23.dxe4 Rxd2 24.Qxd2 Qb3 25.Re2 Rd8 26.Qc2 Qxc2 27.Rxc2 f5 28.Rd2 Kf6 29.Rxd8
Nxd8 30.Nd2 Ne6 31.exf5 gxf5 32.g3 Nc5 33.b3 e4 34.Kf1 Ke5 35.Ke2 f4 36.gxf4+
Kxf4 37.b4 Na4 38.Nb1 b5 39.h4 h5 40.Kd2 Kf3 41.Ke1 e3 42.fxe3 Kxe3 43.Kd1 Kd3 0-1

[Event "2. Bundesliga West 2010/11"]
[Site "Absam"]
[Date "2010.11.28"]
[Round "6"]
[Board "6"]
[White "Matt, Fabian"]
[Black "Fuerlinger, Harald"]
[Result "1-0"]
[WhiteElo "2053"]
[BlackElo "2053"]
[PlyCount "35"]
[EventDate "2010.10.15"]
[EventType "team"]
[EventRounds "11"]
[EventCountry "AUT"]
[WhiteTeam "Bregenz"]
[BlackTeam "Schwaz"]

1.e4 e6 2.d4 d5 3.Nc3 Bb4 4.e5 c5 5.a3 Bxc3+ 6.bxc3 Ne7 7.Qg4 Nf5 8.Bd3 h5 9.Qd1
Nc6 10.Bxf5 exf5 11.Nf3 Be6 12.O-O Qa5 13.Bd2 Qa4 14.Bg5 Na5 15.Qd3 cxd4 16.Nxd4
Qc4 17.Nxf5 Qxd3 18.Nxg7+ 1-0

[Event "2. Bundesliga West 2010/11"]
[Site "Absam"]
[Date "2010.11.28"]
[Round "6"]
[Board "1"]
[White "Deglmann, Ludwig"]
[Black "Eisenbeiser, Amadeus"]
[Result "1/2-1/2"]
[WhiteElo "2402"]
[BlackElo "2397"]
[PlyCount "68"]
[EventDate "2010.10.15"]
[EventType "team"]
[EventRounds "11"]
[EventCountry "AUT"]
[WhiteTeam "Sparkasse Jenbach 2"]
[BlackTeam "Goetzis"]

1.g3 e5 2.c4 Nc6 3.Bg2 Nf6 4.Nc3 Bb4 5.Nd5 a5 6.e3 O-O 7.a3 Bc5 8.Nc3 Re8 9.d3
d6 10.Nge2 Bf5 11.O-O Qd7 12.d4 Ba7 13.d5 Ne7 14.e4 Bg4 15.Kh1 h6 16.Qd3 Nh7
17.f3 Bh3 18.b4 Bb6 19.Bd2 Bxg2+ 20.Kxg2 f5 21.f4 axb4 22.axb4 Rxa1 23.Rxa1 exf4
24.Nxf4 Ng5 25.Re1 fxe4 26.Nxe4 Nf5 27.Nf6+ gxf6 28.Rxe8+ Qxe8 29.Qxf5 Qe4+
30.Qxe4 Nxe4 31.Be1 c6 32.Kf3 f5 33.g4 Ng5+ 34.Kg3 Ne4+ 1/2-1/2

[Event "2. Bundesliga West 2010/11"]
[Site "Absam"]
[Date "2010.11.28"]
[Round "6"]
[Board "2"]
[White "Schloetzer, Waldemar"]
[Black "Reich, Thomas"]
[Result "1/2-1/2"]
[WhiteElo "2282"]
[BlackElo "2350"]
[PlyCount "60"]
[EventDate "2010.10.15"]
[EventType "team"]
[EventRounds "11"]
[EventCountry "AUT"]
[WhiteTeam "Goetzis"]
[BlackTeam "Sparkasse Jenbach 2"]

1.d4 Nf6 2.c4 g6 3.Nc3 Bg7 4.e4 O-O 5.Nf3 d6 6.Be2 c5 7.O-O cxd4 8.Nxd4 Nc6
9.Be3 Bd7 10.f3 Nxd4 11.Bxd4 a5 12.Rc1 Bc6 13.Qd2 Nd7 14.Bxg7 Kxg7 15.Qd4+ Kg8
16.Nd5 e5 17.Qe3 Bxd5 18.cxd5 Nc5 19.Rc2 Qb6 20.g3 f5 21.exf5 gxf5 22.f4 Rae8
23.Kh1 Qd8 24.Bh5 exf4 25.Qxf4 Re4 26.Qh6 Qf6 27.Qxf6 Rxf6 28.Rcf2 Re5 29.Bg4
Rxd5 30.Bxf5 Kg7 1/2-1/2

[Event "2. Bundesliga West 2010/11"]
[Site "Absam"]
[Date "2010.11.28"]
[Round "6"]
[Board "3"]
[White "Micheli, Carlo"]
[Black "Krassowizkij, Jaroslaw"]
[Result "0-1"]
[WhiteElo "2263"]
[BlackElo "2244"]
[PlyCount "140"]
[EventDate "2010.10.15"]
[EventType "team"]
[EventRounds "11"]
[EventCountry "AUT"]
[WhiteTeam "Sparkasse Jenbach 2"]
[BlackTeam "Goetzis"]

1.e4 e6 2.d4 d5 3.e5 c5 4.c3 Nc6 5.Nf3 Bd7 6.a3 c4 7.Nbd2 Na5 8.h4 f5 9.exf6
gxf6 10.g3 Bd6 11.Qe2 Qe7 12.Bh3 O-O-O 13.O-O e5 14.Bxd7+ Rxd7 15.dxe5 fxe5
16.Re1 Nc6 17.Nf1 e4 18.Qd1 Nf6 19.Bg5 h6 20.Bxf6 Qxf6 21.N3h2 Rf8 22.Ng4 Qf7
23.Re2 Bc5 24.Nfh2 h5 25.Ne3 Bxe3 26.fxe3 Qg6 27.Rg2 Ne5 28.Qe2 Rdf7 29.Kh1 Rf3
30.Rd1 Nd3 31.Rf1 Qf5 32.Kg1 Ne5 33.Rd1 Qe6 34.Qd2 Nd3 35.Rf1 Rxf1+ 36.Nxf1 Ne5
37.Nh2 Nf3+ 38.Nxf3 exf3 39.Qf2 Rf6 40.Rh2 Qe5 41.Rh1 Re6 42.Kh2 Qxe3 43.Qxe3
Rxe3 44.g4 Re2+ 45.Kg3 Rg2+ 46.Kxf3 Rxg4 47.Rd1 Rxh4 48.Rxd5 Rh2 49.Rb5 h4
50.Rb4 Kb8 51.a4 b6 52.a5 Kb7 53.axb6 axb6 54.Ke3 h3 55.Rxc4 Rxb2 56.Rh4 h2
57.Kd4 Kc6 58.c4 Kd6 59.Rh6+ Ke7 60.c5 bxc5+ 61.Kxc5 Kf7 62.Kd4 Kg7 63.Rh3 Kg6
64.Rh8 Kf5 65.Ke3 Kg4 66.Rh7 Kg3 67.Rg7+ Kh3 68.Rh7+ Kg2 69.Rg7+ Kf1 70.Rh7 Kg1 0-1

[Event "2. Bundesliga West 2010/11"]
[Site "Absam"]
[Date "2010.11.28"]
[Round "6"]
[Board "4"]
[White "Schmidlechner, Alexander"]
[Black "Hoellrigl, Wilfried"]
[Result "1/2-1/2"]
[WhiteElo "2170"]
[BlackElo "2188"]
[PlyCount "75"]
[EventDate "2010.10.15"]
[EventType "team"]
[EventRounds "11"]
[EventCountry "AUT"]
[WhiteTeam "Goetzis"]
[BlackTeam "Sparkasse Jenbach 2"]

1.d4 Nf6 2.c4 g6 3.Nc3 d5 4.Bg5 Ne4 5.Bh4 Nxc3 6.bxc3 Bg7 7.e3 c5 8.Nf3 Nc6
9.Be2 O-O 10.O-O cxd4 11.cxd4 b6 12.Qa4 Bb7 13.Rac1 dxc4 14.Rxc4 Na5 15.Rc3 Rc8
16.Rfc1 Rxc3 17.Rxc3 Qd6 18.Bg3 Qe6 19.Bh4 h6 20.h3 g5 21.Bg3 Rc8 22.Rxc8+ Qxc8
23.Ne5 Bxe5 24.Bxe5 Qc6 25.Qxc6 Nxc6 26.Bc7 Kf8 27.a4 Ke8 28.d5 Na5 29.Bb5+ Kf8
30.e4 Nb3 31.d6 exd6 32.Bxd6+ Kg7 33.f3 a6 34.Be8 Na5 35.Bd7 Bc6 36.Bc8 Bb7
37.Bd7 Bc6 38.Bc8 1/2-1/2

[Event "2. Bundesliga West 2010/11"]
[Site "Absam"]
[Date "2010.11.28"]
[Round "6"]
[Board "5"]
[White "Schnegg, Daniel"]
[Black "Scheffknecht, Philipp"]
[Result "1/2-1/2"]
[WhiteElo "2199"]
[BlackElo "2118"]
[PlyCount "78"]
[EventDate "2010.10.15"]
[EventType "team"]
[EventRounds "11"]
[EventCountry "AUT"]
[WhiteTeam "Sparkasse Jenbach 2"]
[BlackTeam "Goetzis"]

1.e4 c5 2.Nf3 e6 3.d4 cxd4 4.Nxd4 a6 5.Nc3 Qc7 6.Bd3 Nf6 7.O-O d6 8.Kh1 Nbd7
9.f4 b5 10.Re1 Bb7 11.Nf3 Ng4 12.Qd2 Qb6 13.h3 h5 14.g3 Qf2 15.Qxf2 Nxf2+ 16.Kg2
Nxd3 17.cxd3 b4 18.Nd1 Nc5 19.Nf2 d5 20.b3 Nxd3 21.Nxd3 dxe4 22.f5 exf3+ 23.Kf1
a5 24.fxe6 fxe6 25.Rxe6+ Kf7 26.Re3 Bd6 27.Ne5+ Bxe5 28.Rxe5 h4 29.g4 Rhc8
30.Bg5 Rc2 31.Bxh4 Rh2 32.Rae1 Ba6+ 33.Kg1 Rxh3 34.Rh5 Rc8 35.Re7+ Kg8 36.Rg5
Rc1+ 37.Be1 Rh1+ 38.Kxh1 f2 39.Rgxg7+ Kh8 1/2-1/2

[Event "2. Bundesliga West 2010/11"]
[Site "Absam"]
[Date "2010.11.28"]
[Round "6"]
[Board "6"]
[White "Kranz, Armin"]
[Black "Schnegg, Anna-Lena"]
[Result "1/2-1/2"]
[WhiteElo "2104"]
[BlackElo "1893"]
[PlyCount "124"]
[EventDate "2010.10.15"]
[EventType "team"]
[EventRounds "11"]
[EventCountry "AUT"]
[WhiteTeam "Goetzis"]
[BlackTeam "Sparkasse Jenbach 2"]

1.d4 d5 2.Nf3 Nf6 3.c4 e6 4.g3 Bb4+ 5.Bd2 Be7 6.Bg2 O-O 7.O-O c6 8.Bf4 Nbd7
9.Nc3 b6 10.Rc1 Ba6 11.cxd5 exd5 12.Re1 Bb7 13.Ne5 Nxe5 14.Bxe5 Bd6 15.Bxf6 Qxf6
16.e4 dxe4 17.Nxe4 Qg6 18.h4 Bb4 19.Re3 Rfe8 20.Qe2 Red8 21.Ng5 h6 22.Be4 Qd6
23.Nf3 Qd7 24.Qc4 c5 25.Ne5 Qc7 26.Nxf7 Qxf7 27.Bxb7 Rab8 28.Re7 Qxc4 29.Rxc4 b5
30.Rxc5 Rxd4 31.Rcc7 Bxe7 32.Rxe7 Kf8 33.Rc7 Rbd8 34.Rc5 g6 35.Rxb5 Rb8 36.Rb3
Kg7 37.Kf1 Rd7 38.Bd5 Rxb3 39.Bxb3 Rd2 40.Kg2 Rxb2 41.Kf3 Kf6 42.Ke3 Ke5 43.Bf7
Rb6 44.Bb3 Kf5 45.f3 Rc6 46.g4+ Kf6 47.Kf4 g5+ 48.hxg5+ hxg5+ 49.Ke4 Rc1 50.Bg8
Re1+ 51.Kd4 Rd1+ 52.Ke4 Re1+ 53.Kd4 Re8 54.Bd5 Rd8 55.Ke4 Rb8 56.Kd4 Rb4+ 57.Kc5
a5 58.Kd6 Rd4 59.Kc5 Ke5 60.Bc6 a4 61.a3 Rf4 62.Kb5 Rd4 1/2-1/2

[Event "2. Bundesliga West 2010/11"]
[Site "Absam"]
[Date "2010.11.28"]
[Round "6"]
[Board "1"]
[White "Koepke, Christian"]
[Black "Bezold, Michael"]
[Result "1/2-1/2"]
[WhiteElo "2381"]
[BlackElo "2525"]
[PlyCount "63"]
[EventDate "2010.10.15"]
[EventType "team"]
[EventRounds "11"]
[EventCountry "AUT"]
[WhiteTeam "Hypo Kufstein"]
[BlackTeam "Hohenems II"]

1.e4 c5 2.Nf3 e6 3.d4 cxd4 4.Nxd4 a6 5.Bd3 g6 6.c4 Bg7 7.Nb3 d6 8.Nc3 Nf6 9.Bf4
O-O 10.Be2 Ne8 11.e5 f5 12.exd6 g5 13.Be3 Nxd6 14.h4 g4 15.Bg5 Qd7 16.Bf4 Rd8
17.Qc2 Nf7 18.Rd1 Qe7 19.Rxd8+ Qxd8 20.Qd2 Qxd2+ 21.Kxd2 Nc6 22.Kc1 Nd4 23.Nxd4
Bxd4 24.Be3 Bxc3 25.bxc3 Bd7 26.Rd1 Bc6 27.g3 Rc8 28.Kb2 Kf8 29.Kb3 h5 30.Rd2
Ke7 31.Kb4 Be4 32.Bc5+ 1/2-1/2

[Event "2. Bundesliga West 2010/11"]
[Site "Absam"]
[Date "2010.11.28"]
[Round "6"]
[Board "2"]
[White "Baldauf, Marco"]
[Black "Berchtenbreiter, Maximilian"]
[Result "1/2-1/2"]
[WhiteElo "2363"]
[BlackElo "2232"]
[PlyCount "60"]
[EventDate "2010.10.15"]
[EventType "team"]
[EventRounds "11"]
[EventCountry "AUT"]
[WhiteTeam "Hohenems II"]
[BlackTeam "Hypo Kufstein"]

1.d4 Nf6 2.c4 e6 3.g3 d5 4.Bg2 Be7 5.Nf3 O-O 6.O-O Nbd7 7.Nbd2 b6 8.cxd5 exd5
9.b3 Bb7 10.Bb2 c5 11.dxc5 bxc5 12.Ne5 Nb6 13.Qc2 a5 14.a4 Rc8 15.Bc3 Bd6
16.Nec4 Ba6 17.Nxb6 Qxb6 18.Bxf6 gxf6 19.Bxd5 Bxe2 20.Rfe1 Bh5 21.Nc4 Qc7 22.Be4
Bg6 23.Qc3 f5 24.Bf3 f4 25.Qxa5 fxg3 26.hxg3 Bxg3 27.fxg3 Qxg3+ 28.Bg2 Qxb3
29.Qb5 Qc3 30.Rad1 Rcd8 1/2-1/2

[Event "2. Bundesliga West 2010/11"]
[Site "Absam"]
[Date "2010.11.28"]
[Round "6"]
[Board "3"]
[White "Neuschmied, Siegfried"]
[Black "Gaertner, Guntram"]
[Result "0-1"]
[WhiteElo "2309"]
[BlackElo "2329"]
[PlyCount "50"]
[EventDate "2010.10.15"]
[EventType "team"]
[EventRounds "11"]
[EventCountry "AUT"]
[WhiteTeam "Hypo Kufstein"]
[BlackTeam "Hohenems II"]

1.e4 e6 2.d4 d5 3.Nd2 Nf6 4.e5 Nfd7 5.Bd3 c5 6.c3 Nc6 7.Ne2 cxd4 8.cxd4 f6
9.exf6 Nxf6 10.Nf3 Bd6 11.O-O O-O 12.h3 e5 13.dxe5 Nxe5 14.Nxe5 Bxe5 15.Qb3 Qb6
16.Qxb6 axb6 17.a3 Ne4 18.Bc2 Bd7 19.Rd1 Bc6 20.f3 Nc5 21.Rb1 Rfe8 22.Kf2 Bb5
23.b4 Na4 24.Bd3 Bc4 25.Be3 Nb2 0-1

[Event "2. Bundesliga West 2010/11"]
[Site "Absam"]
[Date "2010.11.28"]
[Round "6"]
[Board "4"]
[White "Atlas, Dimitry"]
[Black "Levushkina,  Elena"]
[Result "1/2-1/2"]
[WhiteElo "2344"]
[BlackElo "2345"]
[PlyCount "71"]
[EventDate "2010.10.15"]
[EventType "team"]
[EventRounds "11"]
[EventCountry "AUT"]
[WhiteTeam "Hohenems II"]
[BlackTeam "Hypo Kufstein"]

1.e4 e5 2.Bc4 Nf6 3.d3 c6 4.Nf3 Be7 5.O-O d6 6.c3 O-O 7.Bb3 Nbd7 8.Re1 Nc5 9.Bc2
Bg4 10.h3 Bh5 11.Nbd2 Ne6 12.Nf1 Ne8 13.Ng3 Bxf3 14.Qxf3 Bg5 15.Nf5 Bxc1
16.Raxc1 Qf6 17.Qg3 Kh8 18.Rcd1 g6 19.Ne3 Rd8 20.b4 N8c7 21.Bb3 Qg7 22.Nc4 f5
23.exf5 Rxf5 24.d4 Rg5 25.Qh2 Nf4 26.g3 Nfe6 27.h4 Rf5 28.dxe5 d5 29.Nd6 Rf3
30.c4 Rdf8 31.cxd5 Nxd5 32.Bxd5 cxd5 33.Rxd5 Qc7 34.Ne4 Qc4 35.Rd7 Qxb4 36.Rdd1 1/2-1/2

[Event "2. Bundesliga West 2010/11"]
[Site "Absam"]
[Date "2010.11.28"]
[Round "6"]
[Board "5"]
[White "Rusche, Johannes"]
[Black "Burschowsky, Matthias"]
[Result "0-1"]
[WhiteElo "2234"]
[BlackElo "2208"]
[PlyCount "86"]
[EventDate "2010.10.15"]
[EventType "team"]
[EventRounds "11"]
[EventCountry "AUT"]
[WhiteTeam "Hypo Kufstein"]
[BlackTeam "Hohenems II"]

1.e4 g6 2.d4 Bg7 3.Nc3 d5 4.Nxd5 c6 5.Nc3 Qxd4 6.Qxd4 Bxd4 7.Bd2 Nd7 8.Nf3 Bb6
9.Bc4 Bc7 10.a4 Ne5 11.Nxe5 Bxe5 12.O-O Nf6 13.Rae1 O-O 14.f4 Bd4+ 15.Kh1 Rd8
16.h3 b6 17.Re2 a6 18.f5 b5 19.Bb3 b4 20.Nd1 a5 21.fxg6 hxg6 22.Bc4 Be5 23.g4
Rd4 24.b3 Nxe4 25.Be1 e6 26.Kg1 c5 27.Nf2 Bb7 28.Bd3 f5 29.Nxe4 fxe4 30.Bf2 Rf8
31.Rfe1 exd3 32.Rxe5 d2 33.Rd1 Bf3 34.Bxd4 Bxd1 35.Be3 Rd8 36.Rxc5 Bxc2 37.Bxd2
Rxd2 38.Rxa5 Bxb3 39.Rb5 Bxa4 40.Rxb4 Bc6 41.h4 Kf7 42.Rf4+ Ke7 43.g5 Kd6 0-1

[Event "2. Bundesliga West 2010/11"]
[Site "Absam"]
[Date "2010.11.28"]
[Round "6"]
[Board "6"]
[White "Nussbaumer, Leon"]
[Black "Maurer, Jochen"]
[Result "0-1"]
[WhiteElo "1894"]
[BlackElo "2215"]
[PlyCount "84"]
[EventDate "2010.10.15"]
[EventType "team"]
[EventRounds "11"]
[EventCountry "AUT"]
[WhiteTeam "Hohenems II"]
[BlackTeam "Hypo Kufstein"]

1.e4 c5 2.Nf3 d6 3.d4 cxd4 4.Nxd4 Nc6 5.Nc3 e5 6.Ndb5 a6 7.Na3 Be7 8.Nd5 Nf6
9.Nxe7 Qxe7 10.Bg5 Be6 11.Bxf6 Qxf6 12.Qxd6 Qg6 13.Qd3 O-O 14.g3 b5 15.c3 b4
16.Nc4 bxc3 17.bxc3 Rfd8 18.Qc2 Rac8 19.f3 Qf6 20.Kf2 Qe7 21.Kg2 Qc5 22.Qf2 Na5
23.Qxc5 Rxc5 24.Nxa5 Rd2+ 25.Be2 Rxe2+ 26.Kf1 Rb2 27.Nb3 Rxc3 28.Rd1 Kf8 29.Nd2
Rxa2 30.Ke1 a5 31.h4 a4 32.Rh2 a3 33.Nf1 Rxh2 34.Nxh2 a2 35.Ke2 Ra3 36.Ra1 Ke7
37.f4 Rxg3 38.Nf1 Rg2+ 39.Kd3 exf4 40.Nd2 Kd6 41.Nf3 Rg3 42.Rd1 a1=Q 0-1

[Event "2. Bundesliga West 2010/11"]
[Site "Absam"]
[Date "2010.11.28"]
[Round "6"]
[Board "1"]
[White "Tischbierek, Raj"]
[Black "Novkovic, Milan"]
[Result "0-1"]
[WhiteElo "2451"]
[BlackElo "2386"]
[PlyCount "74"]
[EventDate "2010.10.15"]
[EventType "team"]
[EventRounds "11"]
[EventCountry "AUT"]
[WhiteTeam "Mozart 1910"]
[BlackTeam "Dornbirn"]

1.e4 c5 2.c3 d5 3.exd5 Qxd5 4.d4 e6 5.Nf3 Nc6 6.Be2 Nf6 7.O-O Be7 8.Be3 cxd4
9.cxd4 O-O 10.Nc3 Qd6 11.a3 b6 12.b4 Bb7 13.Qb3 Bd8 14.Rac1 Rc8 15.g3 Qb8 16.Bf4
Bc7 17.Bg5 Ne7 18.Bxf6 gxf6 19.Nh4 Ng6 20.Ng2 Ne7 21.Ne3 f5 22.d5 f4 23.Ng4 f5
24.d6 Bxd6 25.Qxe6+ Kh8 26.Nb5 Rcd8 27.Nxd6 Qxd6 28.Qxd6 Rxd6 29.Rc7 Re6 30.Bd3
Bf3 31.Nh6 Rff6 32.Rxe7 Rxe7 33.Nxf5 Rd7 34.Re1 Rf8 35.Bc2 Rd2 36.Bb1 Rfd8
37.Nh4 Bc6 0-1

[Event "2. Bundesliga West 2010/11"]
[Site "Absam"]
[Date "2010.11.28"]
[Round "6"]
[Board "2"]
[White "Klocker, Benedikt"]
[Black "Schmidt, Georg"]
[Result "0-1"]
[WhiteElo "2211"]
[BlackElo "2362"]
[PlyCount "62"]
[EventDate "2010.10.15"]
[EventType "team"]
[EventRounds "11"]
[EventCountry "AUT"]
[WhiteTeam "Dornbirn"]
[BlackTeam "Mozart 1910"]

1.d4 Nf6 2.c4 c5 3.d5 e5 4.Nc3 d6 5.e4 Be7 6.g3 h5 7.h4 a6 8.Bh3 Bxh3 9.Nxh3 b5
10.Ng5 bxc4 11.Qa4+ Nbd7 12.Qxc4 Qb6 13.O-O O-O 14.Rb1 Rab8 15.Bd2 Rfc8 16.Rfc1
Qa7 17.Na4 Qb7 18.a3 Qb3 19.Rc3 Qxc4 20.Rxc4 Rb3 21.Bc3 Ne8 22.Nf3 Rcb8 23.Nd2
R3b5 24.Rc1 a5 25.Nb1 Nc7 26.Bd2 Na8 27.R4c2 Nab6 28.Nxb6 Nxb6 29.b4 axb4
30.axb4 cxb4 31.Rc7 Bf8 0-1

[Event "2. Bundesliga West 2010/11"]
[Site "Absam"]
[Date "2010.11.28"]
[Round "6"]
[Board "3"]
[White "Panteleev, Petar"]
[Black "Novkovic, Julia"]
[Result "1-0"]
[WhiteElo "2329"]
[BlackElo "2157"]
[PlyCount "99"]
[EventDate "2010.10.15"]
[EventType "team"]
[EventRounds "11"]
[EventCountry "AUT"]
[WhiteTeam "Mozart 1910"]
[BlackTeam "Dornbirn"]

1.Nf3 Nf6 2.c4 c6 3.d4 d5 4.Nc3 dxc4 5.a4 Bf5 6.Ne5 e6 7.f3 Bb4 8.e4 Nxe4 9.fxe4
Qh4+ 10.Ke2 Bxc3 11.bxc3 Qxe4+ 12.Kf2 O-O 13.Bxc4 Qh4+ 14.g3 Qf6 15.Qf3 Be4
16.Qxf6 gxf6 17.Re1 Bg6 18.Nxg6 hxg6 19.Rb1 b6 20.Ba3 Re8 21.d5 e5 22.Rbd1 c5
23.g4 Kg7 24.Bb5 Rc8 25.g5 a6 26.gxf6+ Kxf6 27.Bf1 Rh8 28.Kg3 Nd7 29.Bh3 Rad8
30.Rb1 Kg7 31.Bxd7 Rxd7 32.c4 b5 33.axb5 axb5 34.Rxb5 Ra7 35.Bb2 f6 36.Rxe5 fxe5
37.Bxe5+ Kh7 38.Bxh8 Kxh8 39.Rxc5 Kg7 40.Kf4 Ra2 41.h4 Rh2 42.Rc7+ Kf6 43.Rc6+
Kf7 44.Ke5 Rxh4 45.Rc7+ Ke8 46.c5 g5 47.Rg7 Kd8 48.c6 g4 49.d6 Rh8 50.Ra7 1-0

[Event "2. Bundesliga West 2010/11"]
[Site "Absam"]
[Date "2010.11.28"]
[Round "6"]
[Board "5"]
[White "Hamberger, Hermann"]
[Black "Natter, Markus"]
[Result "1/2-1/2"]
[WhiteElo "2123"]
[BlackElo "2117"]
[PlyCount "38"]
[EventDate "2010.10.15"]
[EventType "team"]
[EventRounds "11"]
[EventCountry "AUT"]
[WhiteTeam "Mozart 1910"]
[BlackTeam "Dornbirn"]

1.e4 c5 2.Nf3 e6 3.d4 cxd4 4.Nxd4 Bc5 5.Nb3 Bb6 6.Bd3 Ne7 7.Nc3 Nbc6 8.O-O O-O
9.Bf4 d5 10.exd5 exd5 11.Qh5 g6 12.Qh4 Nf5 13.Qxd8 Rxd8 14.Na4 Bd4 15.Nxd4 Nfxd4
16.Bg5 Rd6 17.Bf4 Rd8 18.Bg5 Rd6 19.Bf4 Rd8 1/2-1/2

[Event "2. Bundesliga West 2010/11"]
[Site "Absam"]
[Date "2010.11.28"]
[Round "6"]
[Board "6"]
[White "Kessler, Luca"]
[Black "Peterwagner, Heinz"]
[Result "1/2-1/2"]
[WhiteElo "2097"]
[BlackElo "2156"]
[PlyCount "64"]
[EventDate "2010.10.15"]
[EventType "team"]
[EventRounds "11"]
[EventCountry "AUT"]
[WhiteTeam "Dornbirn"]
[BlackTeam "Mozart 1910"]

1.d4 g6 2.e4 Bg7 3.Nf3 c5 4.dxc5 Qa5+ 5.c3 Qxc5 6.Be3 Qc7 7.Bd3 Nc6 8.O-O Nf6
9.Na3 d6 10.h3 O-O 11.Rc1 Nd7 12.Nd4 a6 13.Nc4 Nce5 14.Nxe5 Nxe5 15.c4 Nc6
16.Nxc6 Qxc6 17.b4 Be6 18.a4 a5 19.b5 Qc7 20.f4 f5 21.c5 dxc5 22.Rxc5 Qd8 23.e5
Rc8 24.Be2 Rxc5 25.Bxc5 Qc7 26.Qc1 Rc8 27.Be3 Bd5 28.Qxc7 Rxc7 29.Rc1 Rxc1+
30.Bxc1 Bb3 31.Bd2 Bxa4 32.Bxa5 e6 1/2-1/2

[Event "2. Bundesliga West 2010/11"]
[Site "Hohenems"]
[Date "2011.01.29"]
[Round "7"]
[Board "1"]
[White "Brumen, Dinko"]
[Black "Heinzel, Olaf"]
[Result "1/2-1/2"]
[WhiteElo "2359"]
[BlackElo "2327"]
[PlyCount "86"]
[EventDate "2010.10.15"]
[EventType "team"]
[EventRounds "11"]
[EventCountry "AUT"]
[WhiteTeam "Schwarzach"]
[BlackTeam "Rochade Rum"]

1.d4 Nf6 2.Bg5 c5 3.Bxf6 gxf6 4.d5 Qb6 5.Qc1 d6 6.e3 f5 7.Nd2 Bg7 8.Nc4 Qc7 9.a4
Nd7 10.Ne2 Nb6 11.Nf4 e5 12.Nxb6 Qxb6 13.a5 Qd8 14.Nh5 Bh6 15.Bb5+ Kf8 16.h4 f4
17.exf4 Bg4 18.Be2 Bxh5 19.Bxh5 Qf6 20.Kf1 exf4 21.Bf3 Kg7 22.c3 b5 23.a6 Rhe8
24.Qc2 Qg6 25.Qd1 Kh8 26.Bh5 Qf6 27.Qf3 Bg7 28.g4 fxg3 29.Qxf6 Bxf6 30.fxg3 Rab8
31.Rh2 Be5 32.Rf2 Bxg3 33.Rxf7 Rf8 34.Kg2 Rxf7 35.Bxf7 Bxh4 36.Rh1 Bg5 37.Be6
Kg7 38.Rf1 Bf6 39.Kf3 h6 40.Ke4 Rb6 41.Bc8 b4 42.Rg1+ Bg5 43.Kd3 b3 1/2-1/2